Acharya Kautilya ke arthik vicharo ka mulyankan (Record no. 10314)
[ view plain ]
| 000 -LEADER | |
|---|---|
| fixed length control field | 00733nam a2200217Ia 4500 |
| 082 ## - DEWEY DECIMAL CLASSIFICATION NUMBER | |
| Classification number | TM.0345 |
| 100 ## - MAIN ENTRY--AUTHOR NAME | |
| Personal name | Mishra, Banesh Shankar |
| 245 #0 - TITLE STATEMENT | |
| Title | Acharya Kautilya ke arthik vicharo ka mulyankan |
| 260 ## - PUBLICATION, DISTRIBUTION, ETC. (IMPRINT) | |
| Year of publication | 1973 |
| Name of publisher | Kashi Vidyapeeth |
| 300 ## - PHYSICAL DESCRIPTION | |
| Number of Pages | 357p. + C D -10 |
| 650 ## - SUBJECT ADDED ENTRY--TOPICAL TERM | |
| Topical Term | ECONOMICS///ARTHASHASTRA |
| 650 ## - SUBJECT ADDED ENTRY--TOPICAL TERM | |
| Topical Term | INDIA - HISTORY - SOURCES///ARTHASHASTRA |
| 650 ## - SUBJECT ADDED ENTRY--TOPICAL TERM | |
| Topical Term | ARTHASHASTRA |
| 650 ## - SUBJECT ADDED ENTRY--TOPICAL TERM | |
| Topical Term | KAUTILYA - VIEWS ON ECONOMICS |
| 650 ## - SUBJECT ADDED ENTRY--TOPICAL TERM | |
| Topical Term | INDIA - ECONOMIC CONDITIONS///KAUTILYA - VIEWS ON ECONOMICS |
| 650 ## - SUBJECT ADDED ENTRY--TOPICAL TERM | |
| Topical Term | ECONOMICS///KAUTILYA - VIEWS ON ECONOMICS |
| 650 ## - SUBJECT ADDED ENTRY--TOPICAL TERM | |
| Topical Term | INDIA - HISTORY, ANCIENT///KAUTILYA - VIEWS ON ECONOMICS |
| 650 ## - SUBJECT ADDED ENTRY--TOPICAL TERM | |
| Topical Term | INDIA - ECONOMIC CONDITION |
| 710 ## - ADDED ENTRY--CORPORATE NAME | |
| Corporate name or jurisdiction name as entry element | Chaturvedi, D.N. |
| 942 ## - ADDED ENTRY ELEMENTS (KOHA) | |
| Koha item type | Thesis |
| Source of classification or shelving scheme | Dewey Decimal Classification |
| Withdrawn status | Lost status | Damaged status | Not for loan | Home library | Current library | Date acquired | Full call number | Accession Number | Price effective from | Koha item type |
|---|---|---|---|---|---|---|---|---|---|---|
| NASSDOC Library | NASSDOC Library | 08/10/2004 | TM.0345 | 12432 | 18/04/2019 | Thesis |
